00698nam a22001697a 4500003000900000008004100009040007100050082002000121110003300141245013600174260002000310300002900330505013100359650001200490650001500502650001100517AR-CdUCM190606b ||||| |||| 00| 0 spa d aMUNICIPALIDAD PROVINCIAL DEL CUSCOcBIBLIOTECA MUNICIPAL DEL CUSCO a353.362 / bM61 aDirección general de salud aInforme del área de salud de Cuzco, Madre de Dios y Apurimac : bPara la reunión a nivel presidencial sobre la salud publica /  aCusco : c1965. a187 páginas ; c30 cm. aContenido: Fecha de creación del área -- Hospitales centros de salud - Postas medicas y sanitarias del área de salud... aInforme aMinisterio aPerú